| 000 | 00431cam a2200181 4500 | ||
|---|---|---|---|
| 001 | D9874 | ||
| 008 | 090401t1982 xxu||||| |||| 00| 0 eng d | ||
| 035 | _a(Sirsi) u23054 | ||
| 041 | _aeng | ||
| 050 | _a526.3 | ||
| 100 | _aWilliams, E.J.P. | ||
| 245 | _aInertial land surveying. A paper from CONSAS 1982 | ||
| 260 | _c1982 | ||
| 300 | _a7p. unpublished typescript. 30cm | ||
| 350 | _a0 | ||
| 942 | _n0 | ||
| 948 | _c04/03/1997 | ||
| 999 |
_c88309 _d88309 |
||